<?xml version="1.0" encoding="UTF-8"?>
<collection xmlns="http://www.loc.gov/MARC21/slim">
 <record>
  <leader>02073nam a2200349 a 4500</leader>
  <controlfield tag="001">15115374</controlfield>
  <controlfield tag="008">110926s2011    bg       l    000 0 eng  </controlfield>
  <datafield tag="010" ind1=" " ind2=" ">
   <subfield code="a">  2007341805</subfield>
  </datafield>
  <datafield tag="020" ind1=" " ind2=" ">
   <subfield code="z">9843236770</subfield>
  </datafield>
  <datafield tag="020" ind1=" " ind2=" ">
   <subfield code="a">9843236785 (cover)</subfield>
  </datafield>
  <datafield tag="040" ind1=" " ind2=" ">
   <subfield code="a">DLC</subfield>
   <subfield code="c">DLC</subfield>
   <subfield code="d">BD-DhAAL</subfield>
  </datafield>
  <datafield tag="041" ind1="1" ind2=" ">
   <subfield code="a">eng</subfield>
   <subfield code="h">ben</subfield>
  </datafield>
  <datafield tag="042" ind1=" " ind2=" ">
   <subfield code="a">lcode</subfield>
  </datafield>
  <datafield tag="043" ind1=" " ind2=" ">
   <subfield code="a">a-bg---</subfield>
  </datafield>
  <datafield tag="082" ind1="0" ind2="0">
   <subfield code="a">344.549201 </subfield>
   <subfield code="2">21</subfield>
  </datafield>
  <datafield tag="110" ind1="1" ind2=" ">
   <subfield code="a">Bangladesh.</subfield>
  </datafield>
  <datafield tag="245" ind1="1" ind2="4">
   <subfield code="a">The Bangladesh Labour Code, 2006 :</subfield>
   <subfield code="b">with section-wise English translation /</subfield>
   <subfield code="c">[commentary by] Md. Abdul Halim and Masum Saifur Rahman.</subfield>
  </datafield>
  <datafield tag="250" ind1=" " ind2=" ">
   <subfield code="a">7th ed.</subfield>
  </datafield>
  <datafield tag="260" ind1=" " ind2=" ">
   <subfield code="a">Dhaka :</subfield>
   <subfield code="b">CCB Foundation,</subfield>
   <subfield code="c">2011.</subfield>
  </datafield>
  <datafield tag="300" ind1=" " ind2=" ">
   <subfield code="a">272 p. ;</subfield>
   <subfield code="c">23 cm.</subfield>
  </datafield>
  <datafield tag="541" ind1=" " ind2=" ">
   <subfield code="e">00023490</subfield>
  </datafield>
  <datafield tag="650" ind1=" " ind2="0">
   <subfield code="a">Labor laws and legislation</subfield>
   <subfield code="z">Bangladesh.</subfield>
  </datafield>
  <datafield tag="700" ind1="1" ind2=" ">
   <subfield code="a">Halim, Md. Abdul,</subfield>
   <subfield code="c">LL. B.</subfield>
  </datafield>
  <datafield tag="700" ind1="1" ind2=" ">
   <subfield code="a">Rahman, Masum Saifur.</subfield>
  </datafield>
  <datafield tag="852" ind1="1" ind2=" ">
   <subfield code="a">Ayesha Abed Library</subfield>
   <subfield code="c">General shelf. </subfield>
  </datafield>
  <datafield tag="942" ind1="0" ind2="0">
   <subfield code="0">6</subfield>
  </datafield>
  <datafield tag="999" ind1=" " ind2=" ">
   <subfield code="c">11264</subfield>
   <subfield code="d">11264</subfield>
  </datafield>
  <datafield tag="952" ind1=" " ind2=" ">
   <subfield code="0">0</subfield>
   <subfield code="1">0</subfield>
   <subfield code="2">ddc</subfield>
   <subfield code="4">0</subfield>
   <subfield code="6">344_549201000000000_BAN</subfield>
   <subfield code="7">0</subfield>
   <subfield code="9">18205</subfield>
   <subfield code="a">BRACUL</subfield>
   <subfield code="b">BRACUL</subfield>
   <subfield code="c">GEN</subfield>
   <subfield code="d">2011-09-24</subfield>
   <subfield code="e">Paragon Enterprises Ltd.</subfield>
   <subfield code="g">245.00</subfield>
   <subfield code="l">13</subfield>
   <subfield code="m">90</subfield>
   <subfield code="o">344.549201 BAN</subfield>
   <subfield code="p">3010023490</subfield>
   <subfield code="r">2025-03-13</subfield>
   <subfield code="s">2025-03-11</subfield>
   <subfield code="t">1</subfield>
   <subfield code="w">2011-09-27</subfield>
   <subfield code="y">BK</subfield>
  </datafield>
  <datafield tag="952" ind1=" " ind2=" ">
   <subfield code="0">0</subfield>
   <subfield code="1">0</subfield>
   <subfield code="2">ddc</subfield>
   <subfield code="4">0</subfield>
   <subfield code="6">344_549201000000000_BAN</subfield>
   <subfield code="7">0</subfield>
   <subfield code="9">18206</subfield>
   <subfield code="a">BRACUL</subfield>
   <subfield code="b">BRACUL</subfield>
   <subfield code="c">GEN</subfield>
   <subfield code="d">2011-09-24</subfield>
   <subfield code="e">Paragon Enterprises Ltd.</subfield>
   <subfield code="g">245.00</subfield>
   <subfield code="l">10</subfield>
   <subfield code="m">72</subfield>
   <subfield code="o">344.549201 BAN</subfield>
   <subfield code="p">3010023491</subfield>
   <subfield code="r">2023-02-27</subfield>
   <subfield code="s">2023-02-20</subfield>
   <subfield code="t">2</subfield>
   <subfield code="w">2011-09-27</subfield>
   <subfield code="y">BK</subfield>
  </datafield>
  <datafield tag="952" ind1=" " ind2=" ">
   <subfield code="0">0</subfield>
   <subfield code="1">0</subfield>
   <subfield code="2">ddc</subfield>
   <subfield code="4">0</subfield>
   <subfield code="6">344_549201000000000_BAN</subfield>
   <subfield code="7">0</subfield>
   <subfield code="9">18207</subfield>
   <subfield code="a">BRACUL</subfield>
   <subfield code="b">BRACUL</subfield>
   <subfield code="c">GEN</subfield>
   <subfield code="d">2011-09-24</subfield>
   <subfield code="e">Paragon Enterprises Ltd.</subfield>
   <subfield code="g">245.00</subfield>
   <subfield code="l">13</subfield>
   <subfield code="m">64</subfield>
   <subfield code="o">344.549201 BAN</subfield>
   <subfield code="p">3010023492</subfield>
   <subfield code="r">2022-08-13</subfield>
   <subfield code="s">2022-07-19</subfield>
   <subfield code="t">3</subfield>
   <subfield code="w">2011-09-27</subfield>
   <subfield code="y">BK</subfield>
  </datafield>
  <datafield tag="952" ind1=" " ind2=" ">
   <subfield code="0">0</subfield>
   <subfield code="1">0</subfield>
   <subfield code="2">ddc</subfield>
   <subfield code="4">0</subfield>
   <subfield code="6">344_549201000000000_BAN</subfield>
   <subfield code="7">0</subfield>
   <subfield code="9">18208</subfield>
   <subfield code="a">BRACUL</subfield>
   <subfield code="b">BRACUL</subfield>
   <subfield code="c">GEN</subfield>
   <subfield code="d">2011-09-24</subfield>
   <subfield code="e">Paragon Enterprises Ltd.</subfield>
   <subfield code="g">245.00</subfield>
   <subfield code="l">13</subfield>
   <subfield code="m">126</subfield>
   <subfield code="o">344.549201 BAN</subfield>
   <subfield code="p">3010023493</subfield>
   <subfield code="r">2023-10-18</subfield>
   <subfield code="s">2023-10-15</subfield>
   <subfield code="t">4</subfield>
   <subfield code="w">2011-09-27</subfield>
   <subfield code="y">BK</subfield>
  </datafield>
  <datafield tag="952" ind1=" " ind2=" ">
   <subfield code="0">0</subfield>
   <subfield code="1">1</subfield>
   <subfield code="2">ddc</subfield>
   <subfield code="4">0</subfield>
   <subfield code="6">344_549201000000000_BAN</subfield>
   <subfield code="7">0</subfield>
   <subfield code="9">18209</subfield>
   <subfield code="a">BRACUL</subfield>
   <subfield code="b">BRACUL</subfield>
   <subfield code="c">GEN</subfield>
   <subfield code="d">2011-09-24</subfield>
   <subfield code="e">Paragon Enterprises Ltd.</subfield>
   <subfield code="g">245.00</subfield>
   <subfield code="l">12</subfield>
   <subfield code="m">103</subfield>
   <subfield code="o">344.549201 BAN</subfield>
   <subfield code="p">3010023494</subfield>
   <subfield code="r">2021-06-23</subfield>
   <subfield code="s">2020-02-24</subfield>
   <subfield code="t">5</subfield>
   <subfield code="w">2011-09-27</subfield>
   <subfield code="y">BK</subfield>
   <subfield code="x">Replaced book with the accession no of 39728 ; Lost (seven edition) and replaced by new edition (seventeenth edition) MD. SHAHRIAR ALAM (16109021)</subfield>
  </datafield>
 </record>
</collection>
